| 000 | 01024nas a2200325 4500 | ||
|---|---|---|---|
| 001 | BR9000163 | ||
| 003 | BR-BrBNA | ||
| 005 | 20231205091754.0 | ||
| 007 | ta | ||
| 008 | 230509b bl.|||p| |||| 00| 00por d | ||
| 040 |
_aBR-BrBNA _bpor _cBiblioteca Nacional de Agricultura |
||
| 041 | _a(Pt) | ||
| 072 | _aH20; J10 | ||
| 100 | 1 | _aCarvalho, J.M.F.C. | |
| 100 | 1 | _aLima, E.F. | |
| 100 | 1 | _aCarvalho, L.P. de | |
| 100 | 1 | _aCavalcante, F.B. | |
| 100 | 1 | _aCarvalho, O.S. | |
| 245 | 1 | _aArmazenamento de sementes tratadas com fungicidas no controle de tombamento do algodoeiro | |
| 246 | 1 | _aCotton seeds treated with systemic fungicides in the control of damping-off | |
| 650 | _aALGODAO | ||
| 650 | _aSEMENTE | ||
| 650 | _aFUNGO | ||
| 650 | _aTOMBAMENTO DE PLANTA | ||
| 650 | _aFUNGICIDA | ||
| 650 | _aARMAZENAMENTO | ||
| 773 | 0 |
_tPesquisa Agropecuaria Brasileira (Brazil) _xISSN 0100-204X _g(Dec 1989), v. 24(12) p. 1477-1482 _wBR9000163 |
|
| 909 |
_a202311 _bLúcia _c55 _dLúcia Elande |
||
| 942 |
_2AGRIS _n0 _cANA |
||
| 999 |
_c127237 _d127237 |
||